[Event "HCL-B3835"]
[Site "www.playchess.de"]
[Date "2006.02.22"]
[Round "21"]
[White "GMO"]
[Black "King_Slayer"]
[WhiteElo "1337"]
[BlackElo "1273"]
[PlyCount "82"]
[Result "0-1"]

1.e4 e6 2.d4 d5 3.e5 c5 4.Nf3 Nc6 5.Bb5 Qa5+ 6.Nc3 
Bd7 7.Bxc6 bxc6 8.a3 cxd4 9.Nxd4 c5 10.Nb3 Qc7 
11.Bf4 Ne7 12.Bg3 Nf5 13.Bf4 Be7 14.O-O O-O 15.Re1 
d4 16.Ne4 Rfd8 17.Bg5 Bxg5 18.Nxg5 h6 19.Nf3 Rab8 
20.Rb1 Bc6 21.Nbd2 a6 22.h3 Qe7 23.Qe2 Bb5 24.Qd1 
Bc6 25.Nc4 Rd7 26.Na5 Bb5 27.Nd2 Qd8 28.Nac4 Qc7 
29.b3 Bc6 30.Nf3 Rbd8 31.Ncd2 a5 32.b4 axb4 
33.axb4 cxb4 34.Rxb4 d3 35.cxd3 R7xd3 36.Qe2 Qa5 
37.Rb2 Bb5 38.Qd1 Bc6 39.Kh2 Bxf3 40.gxf3 R3xd2 
41.Rxd2 Rxd2 0-1

[Event "HCL-B3834"]
[Site "www.playchess.de"]
[Date "2006.02.22"]
[Round "2"]
[White "arsenic"]
[Black "Daly"]
[WhiteElo "1063"]
[BlackElo "1200"]
[PlyCount "66"]
[Result "0-1"]

1.e4 e6 {Hello Arsenic}  2.Nc3 {Hi!}  d5 3.d4 Bb4 
4.e5 c5 5.Bb5+ Bd7 6.Bxd7+ Qxd7 7.dxc5 Nc6 8.Bd2 
Nxe5 9.a3 Bxc5 10.Nf3 Nxf3+ 11.Qxf3 Ne7 12.O-O O-O 
13.Rad1 Ng6 14.Ne2 f6 15.Ng3 Rfd8 16.b4 Bd6 
17.Rfe1 Bxg3 18.Qxg3 Qd6 19.Qxd6 Rxd6 20.g3 Ne5 
21.Bf4 Nf3+ 22.Kf1 e5 23.Bc1 Nxe1 24.Kxe1 Rc8 
25.Rd2 Kf7 26.Re2 Rdc6 27.Kd1 b5 28.Bb2 g5 29.f4 
gxf4 30.gxf4 e4 31.Bd4 a6 32.h4 Rg8 33.Kd2 
Rg3 0-1

[Event "HCL-B3776"]
[Site "www.playchess.de"]
[Date "2006.02.22"]
[Round "8"]
[White "THE_KID"]
[Black "newplayer"]
[WhiteElo "879"]
[BlackElo "1113"]
[PlyCount "90"]
[Result "0-1"]

1.e4 d5 {hi billy  in what country are you}  2.e5 
d4 3.f4 h5 4.d3 Qd5 5.Na3 Bg4 6.Nf3 e6 7.h3 Bxf3 
8.gxf3 Bxa3 9.bxa3 Nh6 10.Bb2 Nf5 11.c3 Ne3 12.c4 
Nxd1 13.cxd5 Nxb2 14.Rb1 Na4 15.Be2 Nc3 16.Rxb7 
Nxa2 17.Bd1 Nc3 18.d6 cxd6 19.exd6 O-O 20.Bb3 Rd8 
21.Bd5 Nxd5 22.Rh2 Nxf4 23.Rc2 Nxd3+ 24.Kd2 Nf4 
25.Rcc7 Nd7 26.Rcxd7 Rxd7 27.Rxd7 Nxh3 28.Rc7 {I 
see you're upearly ready to get beat! What country 
are you from? I'm from the U.S.A}  Rd8 { i am in 
south africa}  29.d7 Kh7 30.Rxa7 {Wow! Can you 
e_mail me some pictures? That would be super! My 
e-mail address is (patruss@sbcglobal.net. Are you 
male or female
}  Nf4 31.a4 h4 32.a5 h3 33.Rc7 h2 34.a6 h1Q 35.a7 
Qh2+ 36.Ke1 Nd3+ 37.Kd1 {now what
}  Qxc7 {you will lose :-)}  38.a8Q {play 
again
}  Rxa8 {sure}  39.f4 {how do you start 
over
}  Qxd7 {you must play in a  new tournamemt}  
40.Ke2 Nxf4+ 41.Kf3 e5 42.Ke4 Qd5+ 43.Kf5 d3 
44.Kg5 d2 45.Kf5 d1Q 0-1

[Event "HCL-A2572"]
[Site "www.playchess.de"]
[Date "2006.02.22"]
[Round "10"]
[White "gridguy"]
[Black "guanzi"]
[WhiteElo "1743"]
[BlackElo "1627"]
[PlyCount "80"]
[Result "0-1"]

1.d4 {Hello again!}  Nf6 {Hello, this time I'll 
try to do better.}  2.c4 e6 3.Nc3 Bb4 4.Bg5 h6 
5.Bxf6 Qxf6 6.Nf3 Bxc3+ 7.bxc3 b6 8.g3 Bb7 9.Bg2 
O-O 10.O-O Nc6 11.Ne5 Rfd8 12.Ng4 Qe7 13.d5 Na5 
14.Qd3 Rac8 15.Rad1 Ba6 16.Ne3 Qc5 17.Rd2 Bxc4 
18.Nxc4 Qxc4 19.dxe6 dxe6 20.Qc2 Rd6 21.Rfd1 Rcd8 
22.R2xd6 Rxd6 23.Rd3 Nc6 24.Rxd6 cxd6 25.e3 d5 
26.Qb3 Qxb3 27.axb3 {(offering draw)}  Kf8 {Not 
just yet. I have an extra pawn.}  28.c4 {True. I 
don't blame you, but it appears to be quite 
drawish. We'll see if either of us can break 
through and cash in.}  Nb4 {It surely is close to 
a draw but I wan't to take a shot for a win.}  
29.cxd5 {I don't blame you. And now you have me 
nervous!}  Nxd5 {hehe}  30.h4 Ke7 31.e4 Nb4 32.e5 
f6 33.f4 fxe5 34.fxe5 Nd3 {Now I have 2 pawns 
more...}  35.Kf1 {Oops... and a passed one at 
that!}  Nxe5 36.Be4 Kd6 37.b4 Nc4 38.Ke2 Ke5 
39.Kd3 Nd6 40.Bf3 Nf5 0-1

[Event "HCL-E1536"]
[Site "www.playchess.de"]
[Date "2006.02.22"]
[Round "11"]
[White "kendo"]
[Black "BlitzShinigami"]
[WhiteElo "1616"]
[BlackElo "2100"]
[PlyCount "21"]
[Result "1-0"]

1.f4 {ciao!}  d5 2.Nf3 Nc6 3.b3 e6 4.Bb2 Nf6 5.e3 
Be7 6.Bb5 O-O 7.O-O Bd7 8.Nc3 a6 9.Bd3 b5 10.Ne5 
Re8 11.Nxd7 1-0

[Event "HCL-A2591"]
[Site "www.playchess.de"]
[Date "2006.02.22"]
[Round "5"]
[White "dynamike"]
[Black "blue"]
[WhiteElo "1431"]
[BlackElo "1229"]
[PlyCount "89"]
[Result "1-0"]

1.e4 c5 2.Nf3 e6 3.d4 cxd4 4.Nxd4 d6 5.Nc3 Nc6 
6.Bb5 Bd7 7.Be3 Nf6 8.h3 a6 9.Be2 e5 10.Nf3 Be7 
11.O-O O-O 12.Na4 Nxe4 13.Bb6 Qc8 14.Qd3 Nf6 
15.Qd2 Nd4 16.Nxd4 Bxa4 17.Nb3 Bxb3 18.axb3 Qd7 
19.Ba5 Bd8 20.Bc3 Ne4 21.Qd3 Nxc3 22.bxc3 Bf6 
23.Ra4 Rfd8 24.Bg4 Qe7 25.Bf3 Rac8 26.Rb4 Rcb8 
27.Rd1 b5 28.Bd5 Qc7 29.Rg4 g6 30.c4 bxc4 31.Rxc4 
Qb6 32.Qf3 Kg7 33.h4 h5 34.Ra4 Rdc8 35.Qd3 a5 
36.g3 Rc5 37.Rda1 Rbc8 38.R4a2 e4 39.Qxe4 Bxa1 
40.Rxa1 R5xc2 41.Qf3 R8c3 42.Qxf7+ Kh6 43.Qf8+ Kh7 
44.Qg8+ Kh6 45.Qh8+ 1-0

[Event "HCL-B3872"]
[Site "www.playchess.de"]
[Date "2006.02.22"]
[Round "21"]
[White "fighter"]
[Black "scaper"]
[WhiteElo "1330"]
[BlackElo "1476"]
[PlyCount "42"]
[Result "0-1"]

1.Nf3 d5 {hi}  2.d4 e6 3.Bg5 Be7 4.Bxe7 Qxe7 5.a3 
Nf6 6.e3 Nbd7 7.Bb5 c6 8.Bd3 e5 9.O-O e4 10.Bxe4 
Nxe4 11.Qd3 O-O 12.c4 Ndf6 13.cxd5 Nxd5 14.Nc3 
Ndxc3 15.bxc3 Bf5 16.Rfc1 Rad8 17.c4 Qf6 18.Qb3 
Bg4 19.Qd1 Ng5 20.Qf1 Nh3+ 21.Kh1 
Bxf3 0-1

[Event "HCL-C4130"]
[Site "www.playchess.de"]
[Date "2006.02.22"]
[Round "35"]
[White "handrej68"]
[Black "Skipper_Robert"]
[WhiteElo "1279"]
[BlackElo "986"]
[PlyCount "51"]
[Result "1-0"]

1.d4 d5 2.Bg5 h6 3.Bh4 Nc6 4.e3 g5 5.Bg3 Nf6 6.Nc3 
Bf5 7.a3 e6 8.Nf3 Bd6 9.Bxd6 cxd6 10.Bd3 O-O 
11.Qe2 Qb6 12.O-O-O a6 13.h4 g4 14.Nd2 Na5 15.f3 
Rac8 16.Bxf5 exf5 17.fxg4 fxg4 18.Rhf1 Qd8 19.Nxd5 
Nxd5 20.Qxg4+ Kh8 21.Qh5 Kg7 22.Qxd5 Qb6 23.Rf3 
Qc7 24.Rg3+ Kh8 25.Qf5 d5 26.Qf6+ 1-0

[Event "HCL-B3895"]
[Site "www.playchess.de"]
[Date "2006.02.22"]
[Round "14"]
[White "payaso"]
[Black "willi_weizenkeim"]
[WhiteElo "1099"]
[BlackElo "1012"]
[PlyCount "28"]
[Result "0-1"]

1.d4 {prost! alkoholiker?}  c6 {nein :-)}  2.c4 e6 
3.Nf3 Bd6 4.Nc3 h6 5.e4 c5 6.d5 e5 7.Be3 Nf6 8.Qa4 
O-O 9.Nb5 Qb6 10.Qc2 a6 11.b4 axb5 12.bxc5 Bxc5 
13.Bxc5 Qxc5 14.Nxe5 Qd4 0-1

[Event "HCL-B3895"]
[Site "www.playchess.de"]
[Date "2006.02.22"]
[Round "6"]
[White "pera"]
[Black "willi_weizenkeim"]
[WhiteElo "1026"]
[BlackElo "1012"]
[PlyCount "62"]
[Result "0-1"]

1.e4 {Hi and good luck for the game.}  g6 {hi, 
hello, same to you !}  2.d4 Bg7 3.e5 f6 4.f4 f5 
5.Nc3 e6 6.Bd2 Ne7 7.Qf3 Nbc6 8.Nb5 a6 9.Nc3 d5 
10.O-O-O Nxd4 11.Qe3 c5 12.Na4 Ndc6 13.Nxc5 d4 
14.Qb3 b6 15.Nd3 a5 16.Nf2 a4 17.Qb5 Bd7 18.Ne2 
Nxe5 19.Qb4 N7c6 20.Qa3 Bf8 21.Qd3 Nxd3+ 22.Nxd3 
{a bad mistake for me :-(}  a3 {sorry, but it was 
an occasion.}  23.Kb1 {Don't be sorry, no mercy. I 
made a mistake and I have to pay for it...}  axb2 
{:-)

may i ask, which town you live in finnland ?!}  
24.Nxb2 {I live in Rauma. It's in the west coast 
of Finland.}  Ba3 {i will have a look on a 
map.

here'S cologne in germany.}  25.c3 {You have a big 
hometown. In Rauma there are only 38000 people.}  
Bxb2 {detailled information: www.odenthal.de ,... 
thats the definite name of our town}  26.Kxb2 b5 
27.cxd4 {I will look it... also there is info at 
www.rauma.fi}  b4 {HEY, that'S very nice. 
:-)
is there english spoken in u're area ?}  28.Nc1 
{Finnish people in general speak English somehow.} 
 Qa5 {same here,... your town looks very sympathic 
!}  29.Nb3 {It's ok. Have You watched the 
Olympics?}  Qxa2+ {not regulary, but some 
disciplines.}  30.Kc1 {what is your fovourite 
sports?}  Qxb3 {badminton :-)
egardin wintergames its speedscating and bob.}  
31.Re1 {Oh really. I played badmington for few 
years, but I broke my leg twice and I decided to 
quit...}  Ra1+ {hope 2 meet u again soon ! thx 4 
that game !}  0-1

[Event "HCL-A2581"]
[Site "www.playchess.de"]
[Date "2006.02.22"]
[Round "17"]
[White "kan_selv"]
[Black "victorabiodun03"]
[WhiteElo "2115"]
[BlackElo "1357"]
[PlyCount "47"]
[Result "1-0"]

1.e4 e6 2.d4 d5 3.Nc3 Nf6 4.e5 Nfd7 5.Nf3 c5 6.Bb5 
Nc6 7.O-O Be7 8.dxc5 Nxc5 9.Nd4 Bd7 10.Bxc6 bxc6 
11.Qg4 Bf8 12.Qg3 Qb6 13.Rd1 Nb7 14.Nb3 c5 15.a4 
Na5 16.Nxa5 Qxa5 17.Bd2 Qc7 18.Nb5 Bxb5 19.axb5 
Qb6 20.c4 dxc4 21.Qf3 Rc8 22.Bg5 h6 23.Rxa7 f6 
24.Qh5+ 1-0

[Event "HCL-C4120"]
[Site "www.playchess.de"]
[Date "2006.02.22"]
[Round "16"]
[White "Skipper_Robert"]
[Black "VITAL"]
[WhiteElo "991"]
[BlackElo "1293"]
[PlyCount "51"]
[Result "1-0"]

1.e4 e5 2.Nf3 Qf6 3.Bc4 h6 4.c3 Bc5 5.d4 exd4 
6.cxd4 Bb4+ 7.Nbd2 Nc6 8.e5 Bxd2+ 9.Bxd2 Qg6 
10.O-O a6 11.Re1 Nge7 12.d5 b5 13.Bb3 Nd8 14.Bb4 
d6 15.exd6 cxd6 16.Qe2 Ra7 17.Bxd6 Qxd6 18.Rad1 
Bg4 19.h3 Bxf3 20.Qxf3 O-O 21.Qe3 Nf5 22.Qxa7 Nh4 
23.Bc2 f5 24.Qe7 Ng6 25.Qxd6 Nf7 
26.Qxg6 1-0

[Event "HCL-B3862"]
[Site "www.playchess.de"]
[Date "2006.02.22"]
[Round "12"]
[White "knoppe"]
[Black "gronico"]
[WhiteElo "1251"]
[BlackElo "1160"]
[PlyCount "108"]
[Result "1/2-1/2"]

1.e4 g6 2.Nc3 d6 3.Bc4 Nf6 4.d3 Bg4 5.f3 Bd7 
6.Nge2 Bg7 7.O-O Nc6 8.Be3 a6 9.a4 O-O 10.Qd2 Ne5 
11.Ba2 c6 12.b4 b5 13.axb5 axb5 14.Bb3 Qc7 15.Bh6 
c5 16.Nd5 Nxd5 17.Bxd5 Ra7 18.c3 e6 19.Bb3 c4 
20.Bxg7 Kxg7 21.Bc2 Rfa8 22.Rxa7 Rxa7 23.h4 Ra2 
24.d4 Nc6 25.d5 exd5 26.exd5 Ne5 27.Rc1 Bh3 28.Qd4 
Bc8 29.f4 f6 30.fxe5 fxe5 31.Qe3 Qf7 32.Rf1 Qxd5 
33.h5 Bb7 34.Qf2 Qxg2+ 35.Qxg2 Bxg2 36.Kxg2 Rxc2 
37.hxg6 Rxe2+ 38.Kf3 Rc2 39.gxh7 Rxc3+ 40.Ke4 Kxh7 
41.Rf6 Rb3 42.Rxd6 Rxb4 43.Rc6 Kg7 44.Kxe5 Rb1 
45.Kd4 c3 46.Rxc3 Rb4+ 47.Kd3 Kf6 48.Kc2 Ke5 
49.Rb3 Rc4+ 50.Kd3 Rd4+ 51.Kc3 Rc4+ 52.Kd3 Rd4+ 
53.Kc3 {(offering draw)}  Rc4+ {let me try some 
moves}  54.Kd3 {u r welcome ;-)}  Rd4+ {(offering 
draw) i think u r right this is draw...nice game 
!}  1/2-1/2

[Event "HCL-E1566"]
[Site "www.playchess.de"]
[Date "2006.02.22"]
[Round "11"]
[White "alldrix"]
[Black "Jule"]
[WhiteElo "1624"]
[BlackElo "1413"]
[PlyCount "111"]
[Result "1/2-1/2"]

1.e4 c5 2.b4 cxb4 3.d4 Nf6 4.Nd2 e6 5.Ngf3 Be7 
6.Be2 O-O 7.O-O Nc6 8.Bb2 b6 9.Re1 Bb7 10.Bd3 a5 
11.Nc4 d6 12.Qe2 d5 13.exd5 exd5 14.Nce5 Re8 
15.Rad1 Bd6 16.Qd2 Qc7 17.h3 h6 18.Bb5 Ne4 19.Qd3 
Re7 20.Nxc6 Bxc6 21.Bxc6 Qxc6 22.Ne5 Qc7 23.f3 Nf6 
24.Re2 Nh5 25.Rde1 Rae8 26.Bc1 R7e6 27.Ng4 R6xe2 
28.Rxe2 Rxe2 29.Qxe2 Bf4 30.Bb2 Kh7 31.Ne5 f6 
32.Qd3+ Kg8 33.Ng4 Qf7 34.Ne3 Ng3 35.Nf5 Qe6 
36.Nxg3 Bxg3 37.Qd2 Qe1+ 38.Qxe1 Bxe1 39.Bc1 g5 
40.Kf1 Bc3 41.Be3 Kg7 42.Ke2 Kg6 43.Kd3 f5 44.Bf2 
h5 45.a3 b5 46.Bg3 f4 47.Bf2 Kf5 48.axb4 Bxb4 
49.c3 Bd6 50.Kc2 g4 51.Bh4 a4 52.Bd8 b4 53.cxb4 
Bxb4 54.h4 Kg6 55.Kb2 Kf5 56.Kc2 {(offering draw)} 
 1/2-1/2

[Event "ACL-M080"]
[Site "www.playchess.de"]
[Date "2006.02.22"]
[Round "11"]
[White "el_Tiburon"]
[Black "Nosferatu"]
[WhiteElo "1864"]
[BlackElo "2154"]
[PlyCount "74"]
[Result "0-1"]

1.d4 Nf6 {Hi from germany and a good game :-)}  
2.c4 {Good luck from Italy.}  g6 3.Nc3 Bg7 4.e4 d6 
5.f3 O-O 6.Be3 e5 7.d5 c6 8.Qd2 cxd5 9.cxd5 Nbd7 
10.Bd3 Nc5 11.Bc2 a5 12.Nge2 Bd7 13.Bxc5 dxc5 
14.Ba4 Bxa4 15.Nxa4 c4 16.O-O b5 17.Nac3 Qb6+ 
18.Kh1 Nd7 19.a3 Nc5 20.Nc1 Rfc8 21.Qc2 Rab8 
22.Rd1 Bh6 23.N3e2 a4 24.Rb1 Bxc1 25.Nxc1 b4 
26.axb4 Qxb4 27.h4 a3 28.Na2 Qb3 29.Qxb3 cxb3 
30.Nc3 a2 31.Rba1 f5 32.exf5 gxf5 33.Nxa2 bxa2 
34.Rxa2 e4 35.d6 Nd3 36.Rd2 Rb4 37.Kh2 
Rd8 0-1

[Event "HCL-A2564"]
[Site "www.playchess.de"]
[Date "2006.02.22"]
[Round "8"]
[White "Matu"]
[Black "Andy1"]
[WhiteElo "1495"]
[BlackElo "1488"]
[PlyCount "103"]
[Result "1-0"]

1.e4 d5 2.exd5 Nf6 3.Nc3 Nxd5 4.Nxd5 Qxd5 5.c3 Nc6 
6.Nf3 Bg4 7.Be2 O-O-O 8.d4 e5 9.Nxe5 Bxe2 10.Qxe2 
f6 11.Nxc6 Qxc6 12.O-O Re8 13.Qg4+ Kb8 14.Bf4 g5 
15.Bg3 h5 16.Qd1 h4 17.Bxc7+ Qxc7 18.Re1 Bd6 19.h3 
Bh2+ 20.Kf1 Qc4+ 21.Re2 Rxe2 22.Qxe2 Qxe2+ 23.Kxe2 
Re8+ 24.Kf3 Bd6 25.c4 b6 26.a3 Kc7 27.b4 Kc6 
28.d5+ Kd7 29.Rc1 Rc8 30.Ke4 Be5 31.c5 b5 32.Kf5 
Ra8 33.c6+ Kd6 34.Rc5 a6 35.g3 hxg3 36.fxg3 Kc7 
37.h4 gxh4 38.gxh4 Rh8 39.Kg4 Bb2 40.a4 bxa4 
41.Ra5 a3 42.Rxa6 Rb8 43.h5 Rxb4+ 44.Kf5 Rb8 45.h6 
Rg8 46.h7 Rh8 47.Kg6 Rd8 48.Ra7+ Kb6 49.Rd7 Rc8 
50.Rb7+ Ka6 51.d6 Rxc6 52.h8Q 1-0

[Event "HCL-A2588"]
[Site "www.playchess.de"]
[Date "2006.02.22"]
[Round "12"]
[White "victorabiodun03"]
[Black "mrchess"]
[WhiteElo "1378"]
[BlackElo "1470"]
[PlyCount "55"]
[Result "1-0"]

1.f4 c5 2.Nf3 Nc6 3.e3 d6 4.d4 cxd4 5.exd4 Bg4 
6.c3 Nf6 7.Bd3 e6 8.Nbd2 Be7 9.O-O Nd5 10.Ne4 f5 
11.Ng3 O-O 12.h3 Bxf3 13.Qxf3 Rf6 14.Nh5 Rg6 15.g4 
Rh6 16.gxf5 Nc7 17.fxe6 Nxe6 18.d5 Nc5 19.Bc2 Nb8 
20.Kh2 Nbd7 21.f5 Nf6 22.Bxh6 gxh6 23.Qg3+ Kf8 
24.Qg7+ Ke8 25.Nxf6+ Bxf6 26.Rae1+ Be5+ 27.Rxe5+ 
dxe5 28.f6 1-0

[Event "HCL-A2588"]
[Site "www.playchess.de"]
[Date "2006.02.22"]
[Round "11"]
[White "mrchess"]
[Black "victorabiodun03"]
[WhiteElo "1470"]
[BlackElo "1378"]
[PlyCount "56"]
[Result "0-1"]

1.d4 Nf6 2.e3 d6 3.c4 g6 4.Nc3 Bg7 5.Bd3 O-O 6.Nf3 
Nc6 7.Qa4 e5 8.d5 Nb8 9.e4 Nbd7 10.Bg5 Nc5 11.Qc2 
h6 12.Bh4 g5 13.Bg3 Nh5 14.O-O-O a6 15.Kb1 Bd7 
16.Be2 Nf4 17.Bxf4 exf4 18.g3 Qf6 19.h4 g4 20.Nd2 
f3 21.Bf1 Rfb8 22.Re1 b5 23.cxb5 axb5 24.a3 b4 
25.axb4 Rxb4 26.Bc4 Qxc3 27.e5 Qxc2+ 28.Kxc2 
Bxe5 0-1

[Event "HCL-C4168"]
[Site "www.playchess.de"]
[Date "2006.02.22"]
[Round "2"]
[White "nichju"]
[Black "mudelta"]
[WhiteElo "1037"]
[BlackElo "1163"]
[PlyCount "36"]
[Result "0-1"]

1.e4 {Greetings from Germany}  d6 {hello greetings 
from belgium,have a nice game}  2.d4 f5 3.exf5 
Bxf5 4.Nf3 Nd7 5.Bb5 Ngf6 6.Bg5 h6 7.Bxf6 gxf6 
8.Ne5 h5 9.O-O fxe5 10.dxe5 c6 11.Be2 Nxe5 
12.Bxh5+ Bg6 13.Bxg6+ Nxg6 14.Qg4 Ne5 15.Qe6 Qc7 
16.Nc3 d5 17.Rae1 Nf3+ 18.gxf3 
Qxh2+ 0-1

[Event "HCL-A2623"]
[Site "www.playchess.de"]
[Date "2006.02.22"]
[Round "3"]
[White "foinaven"]
[Black "PhilipKaveny"]
[WhiteElo "1396"]
[BlackElo "1324"]
[PlyCount "49"]
[Result "1-0"]

1.d4 d5 {Hello}  2.c4 {Hi again}  e6 3.Nc3 c6 
{hello I managed to finnish with a 3 in the last 
tournament we played in}  4.e3 {Yes - well done. I 
gad one awful defeat at the hands of a rather low 
rated play.}  Nf6 {yes he played me like a demon}  
5.Nf3 {I had a look at your game against Spartan. 
He played well above his rating with you too. I 
guess he just don't bother sometimes.}  Bb4 {Thanx 
for looking at it he made me play above my rating} 
 6.Bd3 Qa5 7.Bd2 dxc4 8.Bxc4 b5 9.Bd3 Qd8 10.O-O 
Bb7 11.a3 Be7 12.Qc2 h6 13.b4 Nbd7 14.h3 Nb6 15.e4 
a5 16.e5 {Do you often fail to enter the site with 
the message "internal server error"?}  Nfd5 17.Ne4 
{Are you experiencing problems accessing the 
site?}  axb4 {Yes its running slow}  18.axb4 {Its 
worse than that - I keep getting internal server 
errors}  g5 19.Nh2 Nxb4 20.Be3 Nxd3 21.Qxd3 Nd5 
22.Ng4 f5 23.exf6 Nxf6 24.Nexf6+ Bxf6 
25.Qg6+ 1-0

[Event "HCL-C3899"]
[Site "www.playchess.de"]
[Date "2006.02.22"]
[Round "3"]
[White "klm"]
[Black "schachsky"]
[WhiteElo "986"]
[BlackElo "1184"]
[PlyCount "99"]
[Result "1-0"]

1.e4 e5 {Viel Glück (und Weisheit -:) !}  2.Nf3 
{danke! auch dir herzliche Grüße}  Nc6 3.Bc4 Nf6 
4.d3 Be7 5.Ng5 d5 6.exd5 Nxd5 7.Bxd5 Qxd5 8.O-O 
O-O 9.Qf3 Qd4 10.Be3 Qxb2 11.Nd2 Bxg5 12.Bxg5 Qxc2 
13.Nc4 Nd4 14.Qd1 Bf5 15.Nxe5 f6 16.Qxc2 Nxc2 
17.Rac1 Na3 18.Rxc7 b6 19.Nc4 Nxc4 20.dxc4 fxg5 
21.c5 bxc5 22.Rxc5 h6 23.f3 Rfe8 24.Rxf5 a5 25.a4 
Red8 26.g4 g6 27.Rb5 Rdf8 28.Kg2 Rf4 29.Re1 Rxa4 
30.Rb7 Rf4 31.Re6 Raf8 {(offering draw)}  32.Rxg6+ 
Kh8 33.Rxh6+ Kg8 34.Rh3 R4f7 35.Rb5 a4 36.Rxg5+ 
Rg7 37.Ra5 Rf4 38.Kg3 Rb4 39.Rh6 Rf7 40.Rha6 Rb3 
41.Rf5 a3 42.Ra8+ Kg7 43.h4 Rd7 44.h5 Rd2 45.Ra7+ 
Kg8 46.h6 Rd8 47.Rg5+ Kh8 48.Rgg7 Rb6 {siejt hacj 
Verlieren aus ....}  49.Rgh7+ {...auch ich sehe 
schon meinen Sieg}  Kg8 50.Rag7+ 1-0

[Event "HCL-M844"]
[Site "www.playchess.de"]
[Date "2006.02.22"]
[Round "20"]
[White "ktln2001"]
[Black "edmonte"]
[WhiteElo "1688"]
[BlackElo "2158"]
[PlyCount "35"]
[Result "1-0"]

1.c4 {Greetings from Kentucky in the United 
States.}  Nf6 {same from Alagoas in the Brazil.}  
2.g3 e5 3.Bg2 Nc6 4.Nc3 Bb4 5.Nd5 Bc5 6.e3 O-O 
7.Ne2 Bb6 8.Nxb6 axb6 9.Nc3 d6 10.d3 Bf5 11.a3 Re8 
12.Qc2 Nb4 13.axb4 {GM.}  Rxa1 14.O-O Qd7 15.b3 
Bh3 16.b5 Bxg2 17.Kxg2 Ra7 18.h3 1-0

[Event "HCL-E1532"]
[Site "www.playchess.de"]
[Date "2006.02.22"]
[Round "7"]
[White "PieceSeeker3"]
[Black "sequin"]
[WhiteElo "1585"]
[BlackElo "1482"]
[PlyCount "39"]
[Result "1-0"]

1.e4 c6 {Good luck!}  2.d4 {same}  d5 3.e5 Bf5 
4.Bd3 Bxd3 5.Qxd3 e6 6.Nf3 c5 7.c3 Nc6 8.Nbd2 Qb6 
9.O-O cxd4 10.Nxd4 Nxd4 11.cxd4 Rc8 12.f4 Ne7 
13.Nb3 Nf5 14.Bd2 Be7 15.Rac1 O-O 16.g4 Nh6 17.h3 
Rc6 18.Rxc6 bxc6 19.f5 exf5 20.g5 1-0

[Event "HCL-E1532"]
[Site "www.playchess.de"]
[Date "2006.02.22"]
[Round "1"]
[White "sequin"]
[Black "GriG"]
[WhiteElo "1482"]
[BlackElo "1960"]
[PlyCount "48"]
[Result "0-1"]

1.d4 {good luck from Canary Islands!}  a5 2.e4 e6 
3.c4 d5 4.cxd5 exd5 5.e5 Ne7 6.f4 Nf5 7.Nf3 Be7 
8.Bd3 Bh4+ 9.Kf1 Nc6 10.Bc2 Be7 11.Nc3 h5 12.Ne2 
h4 13.Ba4 h3 14.g4 Nh4 15.Nxh4 Rxh4 16.g5 Bf5 
17.Ng3 Bh7 18.Be3 Kf8 19.Bxc6 bxc6 20.Qa4 Rb8 
21.Qxc6 Rxb2 22.e6 Bd3+ 23.Ke1 Bb5 24.Qc1 
Bb4+ 0-1

[Event "HCL-B3772"]
[Site "www.playchess.de"]
[Date "2006.02.22"]
[Round "8"]
[White "Oksana_k"]
[Black "kipkluifje02"]
[WhiteElo "1200"]
[BlackElo "1381"]
[PlyCount "51"]
[Result "1-0"]

1.e4 e5 {hello}  2.f4 {hello :)}  exf4 3.Nf3 Nf6 
4.e5 Nd5 5.d4 d6 6.c4 Nb6 7.Bxf4 dxe5 8.Nxe5 Bb4+ 
9.Nc3 O-O 10.Be2 Bf5 11.O-O f6 12.Nf3 Re8 13.a3 
Bxc3 14.bxc3 c5 15.Bd3 Bg4 16.Qc2 g6 17.h3 Bxf3 
18.Rxf3 Re7 19.Raf1 cxd4 20.c5 Nc8 21.cxd4 Qxd4+ 
22.Kh1 f5 23.Bc4+ Kg7 24.Rd3 Qxc5 25.Qc3+ Kf8 
26.Qh8+ 1-0

[Event "HCL-B3850"]
[Site "www.playchess.de"]
[Date "2006.02.22"]
[Round "4"]
[White "Marvinni"]
[Black "Skipper_Robert"]
[WhiteElo "1787"]
[BlackElo "995"]
[PlyCount "77"]
[Result "1-0"]

1.f4 f5 2.e4 fxe4 3.d3 Nf6 4.Be3 d5 5.dxe4 Nxe4 
6.Bd3 Nf6 7.Nf3 Ng4 8.Bd4 e6 9.O-O Bd6 10.Ne5 Qf6 
11.Qxg4 Nd7 12.Nf3 Bc5 13.Bxc5 Nxc5 14.Ne5 Bd7 
15.Nc3 a6 16.Rae1 O-O-O 17.f5 Qe7 18.fxe6 Bxe6 
19.Bf5 g6 20.Bxe6+ Nxe6 21.Nxg6 hxg6 22.Qxe6+ Qxe6 
23.Rxe6 d4 24.Ne2 c5 25.Nf4 g5 26.Ng6 Kb8 27.Nxh8 
Rxh8 28.Rg6 Rh5 29.Rf5 c4 30.Rfxg5 Rh8 31.R6g8+ 
Rxg8 32.Rxg8+ Ka7 33.Rd8 c3 34.Rxd4 a5 35.a4 Ka6 
36.b3 b6 37.h4 b5 38.axb5+ Kxb5 
39.Rc4 1-0

[Event "HCL-M879"]
[Site "www.playchess.de"]
[Date "2006.02.22"]
[Round "6"]
[White "Catperson"]
[Black "solya"]
[WhiteElo "2107"]
[BlackElo "2044"]
[PlyCount "73"]
[Result "1/2-1/2"]

1.c4 {Hello again. Good luck.}  e5 {Greetings.}  
2.Nc3 Nc6 3.Nf3 Nf6 4.g3 d5 5.cxd5 Nxd5 6.Bg2 Nb6 
7.O-O Be7 8.d3 O-O 9.a3 Be6 10.b4 Nd4 11.Nd2 a5 
12.b5 Qd7 13.Bxb7 Rab8 14.Bg2 Rfd8 15.Rb1 Bh3 
16.Nc4 Bxg2 17.Kxg2 Qe6 18.Nxa5 Rba8 19.Nb3 Bxa3 
20.Nxd4 exd4 21.Ne4 Nd5 22.Qc2 Be7 23.Bb2 Ra2 
24.Qc4 f5 25.Nc5 Bxc5 26.Qxc5 f4 27.Qc4 Qf7 28.Kg1 
Nc3 29.Qxf7+ Kxf7 30.Bxc3 dxc3 31.Rfc1 f3 32.exf3 
Rxd3 33.Rb3 Rxf3 34.Rbxc3 Rfxf2 35.R3xc7+ Ke6 
36.R7c6+ Kf5 37.Rf1 {(offering draw)} 
 1/2-1/2